The symbolic dimension of collective action
Este capítulo está dedicado a cómo la elaboración cultural facilita la definición de los problemas sociales como el producto de asimetrías de poder, conflictos de intereses y la identificación de sus causas en factores sociales y políticos. En este sentido, se desarrolla el papel que juegan los valo...
محفوظ في:
| التنسيق: | نص |
|---|---|
| الموضوعات: | |
| الوسوم: |
إضافة وسم
لا توجد وسوم, كن أول من يضع وسما على هذه التسجيلة!
|
MARC
| LEADER | 00000 a a2200000 04500 | ||
|---|---|---|---|
| 001 | 40012 | ||
| 003 | |||
| 040 | |||
| 245 | |a The symbolic dimension of collective action | ||
| 520 | |a Este capítulo está dedicado a cómo la elaboración cultural facilita la definición de los problemas sociales como el producto de asimetrías de poder, conflictos de intereses y la identificación de sus causas en factores sociales y políticos. En este sentido, se desarrolla el papel que juegan los valores y la perspectiva cognitiva para explicar la acción colectiva. | ||
| 590 | |a RRA/AGOSTO2010 | ||
| 650 | |a 1.CULTURA | ||
| 650 | |a 2.VALORES SOCIALES | ||
| 650 | |a 3.ACCION COLECTIVA | ||
| 773 | |g páginas 58-82 | ||
| 999 | |c 29242 |d 29242 | ||
